000 00966nas a2200337 4500
001 BR2012007012
003 BR-BrBNA
005 20231205121233.0
007 ta
008 230509b bl.|||p| |||| 00| 00por d
040 _aBR-BrBNA
_bpor
_cBiblioteca Nacional de Agricultura
041 _a(Pt)
072 _aF40; L20; F70
100 1 _aGarcia, R.C.
100 1 _aCurti, M.
100 1 _aLohmann, T.R.
100 1 _aPires, B.G.
100 1 _aCamargo, S.C.
100 1 _aBrietzke, A.L.
100 1 _aFulber, V.M.
100 1 _aMachado, M.R.F.
245 1 _aFlora apícola em fragmento de mata ciliar no Município de Marechal Cândido Rondon - Pr
650 _aCEARÁ
650 _aECOLOGIA
650 _aABELHA
650 _aMATA CILIAR
650 _aFLORA
773 0 _tScientia Agraria Paranaensis (Brazil)
_xISSN 1677-4310
_g(2008), v. 7(1-2); p. 91-100
_wBR2012007012
909 _a202311
_bLúcia
_c55
_dLúcia Elande
942 _2AGRIS
_n0
_cANA
999 _c222485
_d222485